Labour shortage and economic analysis : a study of occupational labour markets
Αποθηκεύτηκε σε:
| Κύριος συγγραφέας: | |
|---|---|
| Άλλοι συγγραφείς: | |
| Μορφή: | Βιβλίο |
| Γλώσσα: | English |
| Δημοσίευση: |
Oxford :
Blackwell,
1977
|
| Σειρά: | Warwick studies in industrial relations
|
| Θέματα: | |
| Ετικέτες: |
Προσθήκη ετικέτας
Δεν υπάρχουν, Καταχωρήστε ετικέτα πρώτοι!
|
MARC
| LEADER | 00000nam a2200000 i 4500 | ||
|---|---|---|---|
| 001 | 1/50293 | ||
| 008 | 960424s1977 eng d | ||
| 020 | |a 0631183108 | ||
| 035 | |l 10026979 | ||
| 040 | |a GR-MY-UA |b gre |e aacr | ||
| 041 | 0 | |a eng | |
| 082 | 0 | |a 331.120941 | |
| 100 | 1 | |a Thomas, Barry |d 1941- | |
| 245 | 1 | 0 | |a Labour shortage and economic analysis : |b a study of occupational labour markets / |c Barry Thomas, David Deaton |
| 260 | |a Oxford : |b Blackwell, |c 1977 | ||
| 300 | |a 264 p. | ||
| 490 | 1 | |a Warwick studies in industrial relations | |
| 650 | 0 | 0 | |a Manpower planning |z Great Britain. |
| 650 | 0 | 0 | |a Labor supply |z Great Britain. |
| 700 | 1 | |a Deaton, David. | |
| 830 | 0 | |a Warwick studies in industrial relations | |
| 852 | |a INST |b CHIOS |e 19960424 |h 331.120941 THO |p 005200005749 |q 005200005749 |t BK |y 0 | ||
| 909 | |a Χ |b 000102 | ||